| 000 | 00503nam a22001937a 4500 | ||
|---|---|---|---|
| 003 | OSt | ||
| 005 | 20140310181747.0 | ||
| 008 | 130622t xxu||||| |||| 00| 0 eng d | ||
| 020 | _a9783791333496 | ||
| 050 |
_aN 7113 _b.Sch332 2005 |
||
| 082 |
_aIB 720.92 _bSch3 2005 |
||
| 245 |
_aDali : _bthe reality of dreams / |
||
| 260 |
_aNew York : _bPrestel, _cc2005. |
||
| 300 |
_a127 p. ; _bill. col. ; _c27 cm. |
||
| 521 | _aIB students | ||
| 541 | _j1 | ||
| 562 | _e1 | ||
| 942 |
_2lcc _cIB _kIB |
||
| 999 |
_c3020 _d3020 |
||